An Introduction to the New Testament (Record no. 11121)

MARC details
000 -LEADER
fixed length control field 00592nam a2200229 a 4500
001 - CONTROL NUMBER
control field 0001-1121
003 - CONTROL NUMBER IDENTIFIER
control field ELIB.Books
008 - FIXED-LENGTH DATA ELEMENTS--GENERAL INFORMATION
fixed length control field 150430 2010 eng
020 ## - INTERNATIONAL STANDARD BOOK NUMBER
International Standard Book Number 0385247672
035 ## - SYSTEM CONTROL NUMBER
System control number (ELIB.Books)0001-1276
092 ## - LOCALLY ASSIGNED DEWEY CALL NUMBER (OCLC)
Classification number 225.6
Item number Bro
100 ## - MAIN ENTRY--PERSONAL NAME
Personal name Brown, Ramond E.
245 ## - TITLE STATEMENT
Title An Introduction to the New Testament
260 ## - PUBLICATION, DISTRIBUTION, ETC. (IMPRINT)
Place of publication, distribution, etc. New York
Name of publisher, distributor, etc. Doubleday
Date of publication, distribution, etc. 1997
300 ## - PHYSICAL DESCRIPTION
Extent 878
Dimensions 24 Cm
650 ## - SUBJECT ADDED ENTRY--TOPICAL TERM
Topical term or geographic name as entry element New Testament
856 ## - ELECTRONIC LOCATION AND ACCESS
Name of location of host KBTS: Library
Uniform Resource Identifier <a href="KBTS: Elib">KBTS: Elib</a>
942 ## - ADDED ENTRY ELEMENTS (KOHA)
Source of classification or shelving scheme Dewey Decimal Classification
Koha item type Books
990 ## - EQUIVALENCES OR CROSS-REFERENCES [LOCAL, CANADA]
Link information for 9XX fields 1
998 ## - LOCAL CONTROL INFORMATION (RLIN)
Cataloger's initials, CIN (RLIN) bat
-- 2015-04-30
-- cat
-- 2018-11-30
Holdings
Withdrawn status Lost status Source of classification or shelving scheme Damaged status Not for loan Home library Current library Date acquired Total Checkouts Barcode Date last seen Bill Date Koha item type
    Dewey Decimal Classification     Karen Baptist Theological Seminary Library Karen Baptist Theological Seminary Library 30/04/2015   15351, 15348 22/01/2022 22/01/2022 Books
Implemented & Customized by: BestBookBuddies

Powered by Koha